[Event "CYCC U16"]
[Site "Victoria CAN"]
[Date "2009.07.22"]
[Round "5"]
[White "Calugar, Arthur"]
[Black "MacKinnon, Keith"]
[Result "0-1"]
[WhiteElo "2224"]
[BlackElo "2241"]
[PlyCount "122"]
[GameId "2160767910093912"]
[EventDate "2009.07.21"]
[EventType "swiss"]
[EventRounds "7"]
[EventCountry "CAN"]
[SourceTitle "EXT 2011"]
[Source "ChessBase"]
[SourceDate "2011.11.26"]
[SourceVersion "1"]
[SourceVersionDate "2011.11.26"]
[SourceQuality "1"]

1. b3 e5 2. Bb2 Nc6 3. e3 g6 4. f4 Bg7 5. Nf3 d6 6. Bb5 Bd7 7. O-O Nge7 8. fxe5 O-O 9. Bxc6 Bxc6 10. c4 Rb8 11. d4 Bxf3 12. gxf3 Nf5 13. Qe2 dxe5 14. dxe5 Qg5+ 15. Kh1 Qxe3 16. Re1 Qxe2 17. Rxe2 Rfe8 18. Nd2 Rbd8 19. Rae1 Nd4 20. Re4 Nc2 21. R1e2 Rd3 22. f4 Red8 23. Nf1 Nd4 24. Bxd4 R8xd4 25. Ng3 Bh6 26. Rxd4 Rxd4 27. f5 Bf4 28. e6 fxe6 29. fxe6 Kf8 30. e7+ Ke8 31. Ne4 Kxe7 32. Kg2 Ke6 33. Nc3+ Kf5 34. Nd5 Re4 35. Rf2 c6 36. Nc3 Re3 37. Ne2 g5 38. Ng3+ Ke5 39. Nf1 Re1 40. Ng3 a5 41. Kf3 Be3 42. Rg2 Kd4 43. Nf5+ Kd3 44. Nxe3 Rxe3+ 45. Kg4 h6 46. Kh5 Rh3+ 47. Kg4 Rh4+ 48. Kg3 h5 49. Rf2 Rg4+ 50. Kh3 Rf4 51. Rg2 Rf3+ 52. Rg3 Rxg3+ 53. Kxg3 Kc3 54. Kf3 Kb2 55. Ke4 Kxa2 56. Kf5 Kxb3 57. Kxg5 a4 58. Kxh5 a3 59. Kg6 a2 60. h4 a1=Q 61. h5 Kxc4 0-1

[Event "CYCC U16"]
[Site "Victoria CAN"]
[Date "2009.07.22"]
[Round "5"]
[White "Geng, Tian Tian"]
[Black "Wang, Jesse BJ"]
[Result "0-1"]
[WhiteElo "1219"]
[BlackElo "2006"]
[PlyCount "33"]
[GameId "2160767910093913"]
[EventDate "2009.07.21"]
[EventType "swiss"]
[EventRounds "7"]
[EventCountry "CAN"]

1. e4 c5 2. Nf3 d6 3. d4 cxd4 4. Nxd4 Nf6 5. Nc3 a6 6. Be3 e6 7. Be2 Be7 8. Qd2 O-O 9. O-O b5 10. a3 Bb7 11. Bf3 Nbd7 12. e5 dxe5 13. Bxb7 exd4 14. Bxd4 Rb8 15. Bxa6 Qa5 16. Bxb5 Rxb5 17. Nxb5 0-1

[Event "CYCC U16"]
[Site "Victoria CAN"]
[Date "2009.07.22"]
[Round "5"]
[White "Kleinman, Michael"]
[Black "Martchenko, Alexander"]
[Result "0-1"]
[WhiteElo "2121"]
[BlackElo "2314"]
[PlyCount "66"]
[GameId "2160767910093914"]
[EventDate "2009.07.21"]
[EventType "swiss"]
[EventRounds "7"]
[EventCountry "CAN"]
[SourceTitle "EXT 2011"]
[Source "ChessBase"]
[SourceDate "2011.11.26"]
[SourceVersion "1"]
[SourceVersionDate "2011.11.26"]
[SourceQuality "1"]

1. e4 d5 2. exd5 Nf6 3. Be2 Nxd5 4. d4 g6 5. h3 Bg7 6. Nf3 O-O 7. c4 Nb6 8. Nc3 Nc6 9. Be3 e5 10. d5 Ne7 11. g4 f5 12. Qb3 e4 13. Ng5 h6 14. Ngxe4 fxe4 15. Nxe4 Kh7 16. O-O-O Qe8 17. Qd3 Bd7 18. h4 Kh8 19. h5 g5 20. Rdf1 Nxc4 21. Qxc4 Nxd5 22. Bd4 Nf4 23. Bd1 Qf7 24. Qc3 Bc6 25. f3 Rad8 26. Bxg7+ Qxg7 27. Rh2 Nd3+ 28. Kc2 Bxe4 29. fxe4 Rxf1 30. Rd2 Qxc3+ 31. Kxc3 Re1 32. Be2 Rc1+ 33. Kb3 Nc5+ 0-1

[Event "CYCC U16"]
[Site "Victoria CAN"]
[Date "2009.07.22"]
[Round "5"]
[White "Parker, Dylan"]
[Black "Nadeau, Emmanuel"]
[Result "1-0"]
[WhiteElo "1574"]
[BlackElo "1734"]
[PlyCount "162"]
[GameId "2160767910093915"]
[EventDate "2009.07.21"]
[EventType "swiss"]
[EventRounds "7"]
[EventCountry "CAN"]
[SourceTitle "EXT 2011"]
[Source "ChessBase"]
[SourceDate "2011.11.26"]
[SourceVersion "1"]
[SourceVersionDate "2011.11.26"]
[SourceQuality "1"]

1. e4 c5 2. Nf3 e6 3. d4 cxd4 4. Nxd4 a6 5. Nc3 b5 6. a3 d6 7. Be2 Nf6 8. Bg5 Be7 9. f4 Bb7 10. Bf3 Nbd7 11. O-O Qb6 12. Kh1 O-O 13. Re1 Rfe8 14. Qd2 h6 15. Bxf6 Bxf6 16. Rad1 Red8 17. Qe3 Rac8 18. Rd3 Nc5 19. Nb3 Nd7 20. Qxb6 Nxb6 21. e5 Bxf3 22. exf6 Bb7 23. fxg7 Kxg7 24. Na5 Ba8 25. Red1 Nd5 26. Nxd5 Bxd5 27. R1d2 Rc7 28. Nb3 Rdc8 29. Nd4 Be4 30. Rg3+ Kh7 31. c3 Rc5 32. Re3 Bd5 33. Kg1 Rg8 34. g3 Kg6 35. Nf3 Kf6 36. Nd4 h5 37. Kf2 a5 38. Rd1 Rb8 39. b4 axb4 40. axb4 Rc7 41. Ra1 Ke7 42. Ra5 Bc4 43. Ra6 Rcc8 44. Nc6+ Rxc6 45. Rxc6 Ra8 46. Rc7+ Ke8 47. Kg2 Ra2+ 48. Kh3 Bf1+ 49. Kh4 Rxh2+ 50. Kg5 Bh3 51. Kf6 Bf5 52. Rxf7 Rc2 53. Rb7 Ra2 54. Rxb5 Kd7 55. Ra5 Rg2 56. Ra7+ Kc6 57. Ra6+ Kc7 58. Kg5 h4 59. Kxh4 Rh2+ 60. Kg5 Rh8 61. Kf6 Rh6+ 62. Kg7 Rh7+ 63. Kg8 Rh6 64. Ra7+ Kd8 65. Kg7 Rh7+ 66. Kf6 Rxa7 67. c4 Rb7 68. Rb3 Kc7 69. Kg5 Kb6 70. c5+ dxc5 71. bxc5+ Kc6 72. Rxb7 Kxb7 73. g4 Bd3 74. Kf6 Bc4 75. g5 Kc6 76. g6 e5 77. Kxe5 Kxc5 78. f5 Kc6 79. Kf6 Kd7 80. Kg7 Bd3 81. f6 Bxg6 1-0

[Event "CYCC U16"]
[Site "Victoria CAN"]
[Date "2009.07.22"]
[Round "5"]
[White "Sapozhnikov, Roman"]
[Black "Sundar, Avinaash"]
[Result "0-1"]
[WhiteElo "2358"]
[BlackElo "2210"]
[PlyCount "134"]
[GameId "2160767910093916"]
[EventDate "2009.07.21"]
[EventType "swiss"]
[EventRounds "7"]
[EventCountry "CAN"]

1. e4 c5 2. Nf3 Nc6 3. d4 cxd4 4. Nxd4 Nf6 5. Nc3 d6 6. Bg5 e6 7. Qd2 Be7 8. O-O-O a6 9. f3 Qc7 10. Kb1 Bd7 11. h4 Rc8 12. g4 Nxd4 13. Qxd4 b5 14. Be3 d5 15. exd5 Nxd5 16. Nxd5 Qxc2+ 17. Ka1 exd5 18. Bd3 Qc6 19. g5 O-O 20. Rc1 Qe6 21. h5 Rxc1+ 22. Bxc1 f6 23. h6 g6 24. f4 Bd8 25. Be3 Re8 26. Bf2 Qf7 27. Be1 a5 28. b4 axb4 29. Bxb4 Re6 30. f5 Re5 31. fxg6 hxg6 32. h7+ Kh8 33. Bd2 Bf5 34. Bxf5 Rxf5 35. Qc5 Qe7 36. Qc8 d4 37. Ba5 Rd5 38. Re1 Qf8 39. Qc6 Re5 40. Rxe5 fxe5 41. Bxd8 Qxd8 42. Qxb5 Qxg5 43. Qe8+ Kxh7 44. Qf7+ Kh6 45. Qf8+ Kh5 46. Qf3+ Kh4 47. Qh1+ Kg4 48. Qg2+ Kf4 49. Qd2+ Kf5 50. Qd3+ e4 51. Qb5+ Kf4 52. Qf1+ Kg4 53. Qe2+ Kf5 54. Qb5+ Kf6 55. Qb6+ Kf7 56. Qa7+ Qe7 57. Qxd4 Qf6 58. Qxf6+ Kxf6 59. Kb2 g5 60. a4 Ke5 61. Kc2 g4 62. Kd2 Kd5 63. Ke3 g3 64. Ke2 Kc5 65. Ke3 Kb4 66. Ke2 Kxa4 67. Ke3 Kb3 0-1

[Event "CYCC U16"]
[Site "Victoria CAN"]
[Date "2009.07.23"]
[Round "5"]
[White "Fan, Brendan"]
[Black "Raymer, Elliot"]
[Result "1-0"]
[WhiteElo "2006"]
[BlackElo "1776"]
[PlyCount "55"]
[GameId "2160767910093917"]
[EventDate "2009.07.21"]
[EventType "swiss"]
[EventRounds "7"]
[EventCountry "CAN"]
[SourceTitle "hb 2009.10"]

1. e4 e5 2. Nf3 Nc6 3. Nc3 Nf6 4. d4 exd4 5. Nxd4 Bb4 6. Nxc6 Bxc3+ 7. bxc3 bxc6 8. Bd3 Qe7 9. O-O Qe5 10. Qe1 O-O 11. f4 Qc5+ 12. Be3 Qe7 13. Bd2 Re8 14. e5 Nd5 15. c4 Nb6 16. Bb4 Qe6 17. Rf3 g6 18. Qh4 Bb7 19. Qh6 f5 20. Rh3 Qf7 21. a4 a5 22. Bc3 Re7 23. Be1 Nxc4 24. Bh4 Ree8 25. Bf6 Nd6 26. Rb1 Rab8 27. exd6 Qxf6 28. Bc4+ 1-0

[Event "CYCC U16"]
[Site "Victoria CAN"]
[Date "2009.07.23"]
[Round "5"]
[White "Huang, Richard"]
[Black "Prysiazny, Michael"]
[Result "1-0"]
[WhiteElo "2043"]
[BlackElo "2007"]
[PlyCount "107"]
[GameId "2160767910093918"]
[EventDate "2009.07.21"]
[EventType "swiss"]
[EventRounds "7"]
[EventCountry "CAN"]
[SourceTitle "hb 2009.10"]

1. d4 g6 2. e4 Bg7 3. Nc3 d6 4. Bc4 Nf6 5. Nf3 O-O 6. O-O Nxe4 7. Bxf7+ Rxf7 8. Nxe4 Bg4 9. Neg5 Rf8 10. Re1 Nc6 11. c3 Bxf3 12. Nxf3 e5 13. Qb3+ Kh8 14. Qxb7 Qd7 15. d5 Ne7 16. Qb3 Qf5 17. Qc4 Rae8 18. Bg5 Nc8 19. Qe4 h6 20. Bd2 Nb6 21. Rad1 Nd7 22. Bc1 Kh7 23. Qxf5 gxf5 24. Nd2 Bf6 25. Nb3 e4 26. Bf4 Bg5 27. Bxg5 hxg5 28. Nd4 Nc5 29. b3 Rf7 30. Re2 Kg6 31. b4 Na4 32. Rc2 e3 33. Re1 Nb6 34. c4 exf2+ 35. Kxf2 Rxe1 36. Kxe1 Re7+ 37. Kd2 Re4 38. Kd3 Nd7 39. Re2 Ne5+ 40. Kc3 Rxe2 41. Nxe2 Ng4 42. h3 Ne3 43. g3 Nd1+ 44. Kd4 Nb2 45. c5 Na4 46. Nc3 dxc5+ 47. bxc5 Nxc3 48. Kxc3 Kf6 49. h4 g4 50. Kd4 a5 51. a4 c6 52. dxc6 Ke6 53. Ke3 Ke7 54. h5 1-0

[Event "CYCC U16"]
[Site "Victoria CAN"]
[Date "2009.07.23"]
[Round "5"]
[White "Lazo, Jan Edmund"]
[Black "Rakov, Pavel"]
[Result "0-1"]
[WhiteElo "1990"]
[BlackElo "2147"]
[PlyCount "210"]
[GameId "2160767910093919"]
[EventDate "2009.07.21"]
[EventType "swiss"]
[EventRounds "7"]
[EventCountry "CAN"]
[SourceTitle "hb 2009.10"]

1. e4 c5 2. Nf3 Nc6 3. Bb5 g6 4. O-O Bg7 5. c3 Nf6 6. Qa4 O-O 7. d4 cxd4 8. cxd4 Qb6 9. d5 Nd8 10. Be3 Qc7 11. Nc3 Qb8 12. e5 Ne8 13. Bxd7 Bxd7 14. Qxd7 Bxe5 15. Nxe5 Qxe5 16. Bh6 Nf6 17. Qa4 Re8 18. Bf4 Qf5 19. Rfe1 a6 20. Be5 Rf8 21. Qh4 Ng4 22. Bd4 e5 23. Bc5 Re8 24. f3 Nf6 25. Ne4 Nxe4 26. fxe4 Qd7 27. Rac1 b5 28. Re3 Nb7 29. Rh3 h5 30. Qf6 Nxc5 31. Rxc5 Qg4 32. Rf3 Ra7 33. Qc6 Rd8 34. d6 Qe6 35. Rd5 Rc8 36. Qb6 Rc1+ 37. Rf1 Rxf1+ 38. Kxf1 Qf6+ 39. Kg1 Ra8 40. Qb7 Rd8 41. Qe7 Kg7 42. Qc7 Qg5 43. Rd1 Qg4 44. Qc2 h4 45. h3 Qe6 46. Qc7 Rc8 47. Qa7 Qxa2 48. d7 Rd8 49. Qc7 Qb3 50. Qxe5+ Kg8 51. Qe8+ Kg7 52. Rf1 Qe3+ 53. Kh1 Qg5 54. Rxf7+ Kh6 55. Rf8 Qc1+ 56. Kh2 Qc7+ 57. e5 Rxd7 58. Rh8+ Rh7 59. Qf8+ Qg7 60. Qf4+ g5 61. Rxh7+ Kxh7 62. Qf5+ Qg6 63. Qd7+ Kg8 64. e6 Qf6 65. Qc8+ Qf8 66. Qc3 Qd6+ 67. Kh1 Qxe6 68. Qc5 Qf6 69. b4 Kg7 70. Qc7+ Kg6 71. Qc2+ Kh6 72. Qb3 Qa1+ 73. Kh2 Qe5+ 74. Kh1 Kg7 75. Kg1 Qd4+ 76. Kh1 Qc4 77. Qb2+ Kg6 78. Kh2 Kf5 79. Kg1 Ke4 80. Qb1+ Qd3 81. Qa2 Qd1+ 82. Kh2 Qd6+ 83. Kh1 Qxb4 84. Qxa6 Qc5 85. Qg6+ Kf4 86. Qf6+ Ke4 87. Qf3+ Kd4 88. Qd1+ Kc4 89. Qc2+ Kb4 90. Qb2+ Ka4 91. Qa2+ Qa3 92. Qc2+ Qb3 93. Qe4+ Qc4 94. Qa8+ Kb3 95. Qf3+ Qc3 96. Qd5+ Ka4 97. Qa2+ Qa3 98. Qc2+ Qb3 99. Qe4+ Ka3 100. Qe7+ Qb4 101. Qe3+ Ka2 102. Qa7+ Qa3 103. Qf2+ Qb2 104. Qa7+ Kb1 105. Qc5 Qc1+ 0-1

[Event "CYCC U16"]
[Site "Victoria CAN"]
[Date "2009.07.23"]
[Round "5"]
[White "Szalay, Karoly"]
[Black "Xiong, Jerry"]
[Result "1-0"]
[WhiteElo "2273"]
[BlackElo "2166"]
[PlyCount "51"]
[GameId "2160767910093920"]
[EventDate "2009.07.21"]
[EventType "swiss"]
[EventRounds "7"]
[EventCountry "CAN"]
[SourceTitle "hb 2009.10"]

1. e4 c5 2. Nf3 d6 3. d4 cxd4 4. Nxd4 Nf6 5. Nc3 g6 6. Be3 Bg7 7. f3 O-O 8. Qd2 Nc6 9. Bc4 Bd7 10. O-O-O Rb8 11. Bb3 b5 12. Nxc6 Bxc6 13. Bxa7 Rb7 14. Bd4 Qa8 15. Rhe1 Rc8 16. Nd5 Nxd5 17. exd5 Be8 18. Qb4 Rbc7 19. Bxg7 Kxg7 20. g4 f6 21. h4 Qa7 22. Qd4 Rc5 23. g5 Bf7 24. gxf6+ exf6 25. h5 Qd7 26. h6+ 1-0

[Event "CYCC U16"]
[Site "Victoria CAN"]
[Date "2009.07.23"]
[Round "6"]
[White "Fan, Brendan"]
[Black "Kleinman, Michael"]
[Result "1/2-1/2"]
[WhiteElo "2006"]
[BlackElo "2121"]
[PlyCount "106"]
[GameId "2160767910093921"]
[EventDate "2009.07.21"]
[EventType "swiss"]
[EventRounds "7"]
[EventCountry "CAN"]
[SourceTitle "hb 2009.10"]

1. e4 d5 2. exd5 Nf6 3. d4 Nxd5 4. c4 Nb6 5. Nc3 e5 6. Be3 exd4 7. Qxd4 Qxd4 8. Bxd4 Nc6 9. Bxb6 cxb6 10. O-O-O Bf5 11. Nb5 Rc8 12. Bd3 Be6 13. Ne2 a6 14. Nbc3 Ne5 15. b3 Ba3+ 16. Kc2 Nxd3 17. Kxd3 Bc5 18. Ne4 Ke7 19. Nxc5 Rhd8+ 20. Nd7 Rxd7+ 21. Ke3 Rcd8 22. Nc3 Rxd1 23. Rxd1 Rxd1 24. Nxd1 Kd6 25. Kd4 Bd7 26. Nc3 Bc6 27. g3 f5 28. h4 h6 29. f4 b5 30. cxb5 axb5 31. Nd1 b6 32. Ne3 Be4 33. g4 g6 34. gxf5 Bxf5 35. Nd5 Be6 36. Nxb6 Bf7 37. a4 bxa4 38. bxa4 Kc6 39. Nc4 Be8 40. a5 g5 41. fxg5 hxg5 42. hxg5 Bh5 43. g6 Bxg6 44. Na3 Kb7 45. Kc5 Be4 46. Nc4 Bf3 47. Ne3 Be2 48. Nc2 Ka7 49. Nd4 Bf1 50. Nb3 Be2 51. Kb4 Bf1 52. Nc5 Be2 53. Kc3 Bf1 1/2-1/2

[Event "CYCC U16"]
[Site "Victoria CAN"]
[Date "2009.07.23"]
[Round "6"]
[White "MacKinnon, Keith"]
[Black "Sapozhnikov, Roman"]
[Result "0-1"]
[WhiteElo "2241"]
[BlackElo "2358"]
[PlyCount "116"]
[GameId "2160767910093922"]
[EventDate "2009.07.21"]
[EventType "swiss"]
[EventRounds "7"]
[EventCountry "CAN"]
[SourceTitle "EXT 2011"]
[Source "ChessBase"]
[SourceDate "2011.11.26"]
[SourceVersion "1"]
[SourceVersionDate "2011.11.26"]
[SourceQuality "1"]

1. e4 c5 2. Nf3 d6 3. d4 cxd4 4. Nxd4 Nf6 5. Nc3 Nc6 6. Bg5 e6 7. Qd2 a6 8. O-O-O Bd7 9. Nxc6 Bxc6 10. Qe1 Qa5 11. Bxf6 gxf6 12. Kb1 O-O-O 13. Bd3 h5 14. f4 Kb8 15. Rf1 Qc5 16. Qf2 b5 17. f5 Be7 18. Rd2 Rdg8 19. Ne2 Qxf2 20. Rxf2 Bd8 21. Nd4 Bd7 22. c3 Rg4 23. Kc2 h4 24. fxe6 fxe6 25. Kd1 Rhg8 26. Ke1 Bb6 27. Rxf6 Rxg2 28. Rf8+ Kc7 29. Rxg8 Rxg8 30. Be2 e5 31. Nf5 Rg1+ 32. Bf1 Be6 33. Rg2 d5 34. Nxh4 dxe4 35. Ng6 Bxa2 36. Nxe5 Kd6 37. Rxg1 Bxg1 38. Ng4 Be6 39. h3 Bf5 40. Kd2 Bb6 41. Ne3 Be6 42. c4 b4 43. Nd5 Bc5 44. h4 a5 45. Nf4 Bf7 46. b3 Ke5 47. Nd5 Bf2 48. Ne3 Bxh4 49. c5 Bg5 50. c6 Kd6 51. Bg2 Bxb3 52. Bxe4 Ba4 53. Kd3 Bxe3 54. Kxe3 Bxc6 55. Bc2 Kc5 56. Kd3 Bb5+ 57. Kd2 Kd4 58. Bd1 a4 0-1

[Event "CYCC U16"]
[Site "Victoria CAN"]
[Date "2009.07.23"]
[Round "6"]
[White "Prysiazny, Michael"]
[Black "Geng, Tian Tian"]
[Result "1-0"]
[WhiteElo "2007"]
[BlackElo "1219"]
[PlyCount "95"]
[GameId "2160767910093924"]
[EventDate "2009.07.21"]
[EventType "swiss"]
[EventRounds "7"]
[EventCountry "CAN"]
[SourceTitle "EXT 2011"]
[Source "ChessBase"]
[SourceDate "2011.11.26"]
[SourceVersion "1"]
[SourceVersionDate "2011.11.26"]
[SourceQuality "1"]

1. e4 e5 2. Nf3 Nc6 3. Bc4 Be7 4. d4 exd4 5. Nxd4 Ne5 6. Bb3 Nf6 7. f4 Nc6 8. e5 Ne4 9. Be3 Nc5 10. Nd2 Nxb3 11. N2xb3 O-O 12. Qf3 Nxd4 13. Bxd4 d6 14. O-O-O c6 15. exd6 Bxd6 16. Be5 Qh4 17. Rxd6 Bg4 18. Qg3 Qxg3 19. hxg3 Rfe8 20. Bc3 Bf5 21. Nd4 Bg4 22. Nf3 f6 23. Rhd1 Re7 24. Rd8+ Rxd8 25. Rxd8+ Kf7 26. Bb4 Re8 27. Rxe8 Kxe8 28. Kd2 Kd7 29. Bf8 g6 30. Bc5 a6 31. Bd4 Ke6 32. Bc3 c5 33. Ba5 Kd5 34. Bd8 Ke4 35. Bxf6 Bxf3 36. gxf3+ Kxf3 37. Bh4 c4 38. a4 b5 39. axb5 axb5 40. Kc3 Ke2 41. Kb4 Kd2 42. c3 Kd3 43. Kxb5 Ke4 44. Kxc4 Kf5 45. Kd5 h6 46. c4 g5 47. fxg5 hxg5 48. c5 1-0

[Event "CYCC U16"]
[Site "Victoria CAN"]
[Date "2009.07.23"]
[Round "6"]
[White "Raymer, Elliot"]
[Black "Nadeau, Emmanuel"]
[Result "1-0"]
[WhiteElo "1776"]
[BlackElo "1734"]
[PlyCount "67"]
[GameId "2160767910093925"]
[EventDate "2009.07.21"]
[EventType "swiss"]
[EventRounds "7"]
[EventCountry "CAN"]
[SourceTitle "hb 2009.10"]

1. e4 c5 2. d4 cxd4 3. c3 dxc3 4. Nxc3 d6 5. Nf3 Nc6 6. Bc4 Nf6 7. e5 dxe5 8. Qxd8+ Nxd8 9. Nb5 Nc6 10. Nc7+ Kd8 11. Nxa8 e6 12. Be3 Bb4+ 13. Ke2 Bd7 14. Ng5 Ke7 15. Nc7 a6 16. Nxa6 bxa6 17. Bxa6 Nd4+ 18. Bxd4 exd4 19. Nf3 Bc5 20. Rhd1 Bc6 21. Nxd4 Bxg2 22. f3 Bxd4 23. Rxd4 Bh3 24. Rc1 Rb8 25. Rc7+ Ke8 26. Rc8+ Rxc8 27. Bxc8 g5 28. a4 e5 29. Rc4 Bxc8 30. Rxc8+ Kd7 31. Rc1 h5 32. a5 Nd5 33. a6 g4 34. Rd1 1-0

[Event "CYCC U16"]
[Site "Victoria CAN"]
[Date "2009.07.23"]
[Round "6"]
[White "Sundar, Avinaash"]
[Black "Szalay, Karoly"]
[Result "1/2-1/2"]
[WhiteElo "2238"]
[BlackElo "2273"]
[PlyCount "62"]
[GameId "2160767910093926"]
[EventDate "2009.07.21"]
[EventType "swiss"]
[EventRounds "7"]
[EventCountry "CAN"]
[SourceTitle "hb 2009.10"]

1. c4 e6 2. Nf3 d5 3. g3 Nf6 4. Bg2 Be7 5. O-O O-O 6. Qc2 b6 7. d3 c5 8. Nbd2 Nc6 9. a3 Bb7 10. b3 Qc7 11. Bb2 Rad8 12. Rac1 d4 13. e3 dxe3 14. fxe3 Ng4 15. Rce1 Bf6 16. Bxf6 Nxf6 17. Ng5 Rd7 18. Nde4 Nxe4 19. Bxe4 h6 20. Nf3 Rfd8 21. Rd1 f5 22. Bxc6 Bxc6 23. Qc3 Bxf3 24. Rxf3 Qd6 25. Kf2 Qe7 26. Ke2 g6 27. Qe5 Rd6 28. e4 Qg7 29. Qxg7+ Kxg7 30. Re3 R8d7 31. b4 Kf7 1/2-1/2

[Event "CYCC U16"]
[Site "Victoria CAN"]
[Date "2009.07.23"]
[Round "6"]
[White "Wang, Jesse BJ"]
[Black "Calugar, Arthur"]
[Result "1-0"]
[WhiteElo "2006"]
[BlackElo "2224"]
[PlyCount "73"]
[GameId "2160767910093927"]
[EventDate "2009.07.21"]
[EventType "swiss"]
[EventRounds "7"]
[EventCountry "CAN"]

1. e4 c5 2. Nc3 Nc6 3. Bb5 g6 4. Bxc6 dxc6 5. d3 Nf6 6. f4 Bg7 7. Nf3 Qc7 8. O-O Bg4 9. h3 Bd7 10. e5 Nd5 11. Ne4 b6 12. c4 Nb4 13. a3 Na6 14. Qe1 Qb7 15. Nfg5 O-O 16. Qh4 h6 17. Nf3 Bf5 18. g4 Bxe4 19. dxe4 e6 20. f5 gxf5 21. g5 Qe7 22. Qh5 Rfc8 23. gxh6 Bh8 24. Bg5 f6 25. Qg6+ Kf8 26. exf6 Qf7 27. Ne5 Qxg6 28. Nxg6+ Kf7 29. Nxh8+ Rxh8 30. exf5 Nc7 31. h4 e5 32. Rfe1 Ne8 33. Rxe5 Nxf6 34. Re6 Ng4 35. Rae1 Rhg8 36. R1e4 Nxh6 37. Rxh6 1-0

[Event "CYCC U16"]
[Site "Victoria CAN"]
[Date "2009.07.23"]
[Round "6"]
[White "Wu, Allan"]
[Black "Parker, Dylan"]
[Result "1/2-1/2"]
[WhiteElo "1867"]
[BlackElo "1574"]
[PlyCount "70"]
[GameId "2160767910093928"]
[EventDate "2009.07.21"]
[EventType "swiss"]
[EventRounds "7"]
[EventCountry "CAN"]
[SourceTitle "EXT 2011"]
[Source "ChessBase"]
[SourceDate "2011.11.26"]
[SourceVersion "1"]
[SourceVersionDate "2011.11.26"]
[SourceQuality "1"]

1. c4 e6 2. Nf3 Nf6 3. d4 d5 4. Nc3 c6 5. e3 Nbd7 6. Bd3 Bd6 7. O-O O-O 8. e4 dxe4 9. Nxe4 Nxe4 10. Bxe4 Nf6 11. Bc2 Qc7 12. Re1 b6 13. Bg5 Nd7 14. Qd3 g6 15. Bh6 Re8 16. Rad1 Bf8 17. Bxf8 Rxf8 18. d5 exd5 19. cxd5 Nc5 20. Qe3 cxd5 21. Rxd5 Bb7 22. Rdd1 Rad8 23. Ng5 Qc6 24. f3 Qf6 25. b4 Na6 26. a3 Rxd1 27. Bxd1 Rd8 28. Bb3 Bd5 29. Ne4 Qb2 30. Rd1 Nc7 31. Qd3 Rd7 32. Qe3 Qe5 33. Bxd5 Rxd5 34. Rc1 Ne6 35. h3 Qd4 1/2-1/2

[Event "CYCC U16"]
[Site "Victoria CAN"]
[Date "2009.07.23"]
[Round "6"]
[White "Xiong, Jerry"]
[Black "Huang, Richard"]
[Result "1/2-1/2"]
[WhiteElo "2166"]
[BlackElo "2043"]
[PlyCount "55"]
[GameId "2160767910093929"]
[EventDate "2009.07.21"]
[EventType "swiss"]
[EventRounds "7"]
[EventCountry "CAN"]
[SourceTitle "hb 2009.10"]

1. e4 c5 2. Nf3 e6 3. d4 cxd4 4. Nxd4 Nc6 5. Be3 a6 6. Be2 Nf6 7. Nd2 d5 8. Nxc6 bxc6 9. e5 Nd7 10. f4 Bc5 11. Bxc5 Nxc5 12. c3 Qb6 13. b4 Nd7 14. Nf3 Qe3 15. Qd4 Qxd4 16. cxd4 a5 17. bxa5 Rxa5 18. Nd2 Ba6 19. Nb3 Ra3 20. Bxa6 Rxa6 21. Kd2 Ke7 22. Rhc1 Rha8 23. Rc2 Nb6 24. Nc5 Ra3 25. Ke2 Nc4 26. Nd3 R8a4 27. Nc5 Ra8 28. Nd3 1/2-1/2

[Event "CYCC U16"]
[Site "Victoria CAN"]
[Date "2009.07.23"]
[Round "7"]
[White "Huang, Richard"]
[Black "MacKinnon, Keith"]
[Result "1/2-1/2"]
[WhiteElo "2043"]
[BlackElo "2241"]
[PlyCount "55"]
[GameId "2160767910093930"]
[EventDate "2009.07.21"]
[EventType "swiss"]
[EventRounds "7"]
[EventCountry "CAN"]
[SourceTitle "EXT 2011"]
[Source "ChessBase"]
[SourceDate "2011.11.26"]
[SourceVersion "1"]
[SourceVersionDate "2011.11.26"]
[SourceQuality "1"]

1. d4 Nf6 2. Bg5 d5 3. Bxf6 gxf6 4. e3 c5 5. dxc5 Qa5+ 6. Nc3 e6 7. Qd4 Nd7 8. Bb5 Bg7 9. Nge2 O-O 10. b4 Qd8 11. O-O f5 12. Qd2 Ne5 13. Nd4 Bd7 14. Be2 b6 15. cxb6 Qxb6 16. Rab1 Rfc8 17. a4 Nc4 18. Bxc4 Rxc4 19. a5 Qa6 20. Nce2 Rac8 21. Rfc1 Bf8 22. c3 e5 23. Nf3 Qe6 24. Rd1 Ba4 25. Rdc1 Bg7 26. Ne1 a6 27. Nd3 Bb5 28. Nc5 1/2-1/2

[Event "CYCC U16"]
[Site "Victoria CAN"]
[Date "2009.07.23"]
[Round "7"]
[White "Martchenko, Alexander"]
[Black "Sundar, Avinaash"]
[Result "1-0"]
[WhiteElo "2314"]
[BlackElo "2210"]
[PlyCount "57"]
[GameId "2160767910093931"]
[EventDate "2009.07.21"]
[EventType "swiss"]
[EventRounds "7"]
[EventCountry "CAN"]

1. e4 c5 2. Nf3 d6 3. Bb5+ Nc6 4. O-O Bd7 5. Re1 e5 6. c3 g5 7. d4 g4 8. Bxc6 bxc6 9. Nfd2 cxd4 10. cxd4 exd4 11. b4 c5 12. e5 Be6 13. exd6 Qxd6 14. bxc5 Qd5 15. Nb3 O-O-O 16. Bf4 Bg7 17. Qd2 Qb7 18. c6 Qb6 19. Na3 Bf8 20. Rab1 Bb4 21. Qd3 Bd6 22. Nc5 Qxc6 23. Nxe6 fxe6 24. Rec1 Bc5 25. Rb8+ Kd7 26. Rxd8+ Kxd8 27. Be5 Qa4 28. Rxc5 Qb4 29. Qxd4+ 1-0

[Event "CYCC U16"]
[Site "Victoria CAN"]
[Date "2009.07.23"]
[Round "7"]
[White "Nadeau, Emmanuel"]
[Black "Geng, Tian Tian"]
[Result "1-0"]
[WhiteElo "1734"]
[BlackElo "1219"]
[PlyCount "40"]
[GameId "2160767910093932"]
[EventDate "2009.07.21"]
[EventType "swiss"]
[EventRounds "7"]
[EventCountry "CAN"]
[SourceTitle "EXT 2011"]
[Source "ChessBase"]
[SourceDate "2011.11.26"]
[SourceVersion "1"]
[SourceVersionDate "2011.11.26"]
[SourceQuality "1"]

1. d4 d5 2. c4 e6 3. Nc3 Nf6 4. Bg5 Be7 5. e3 b6 6. Nf3 Bb7 7. Bd3 Nbd7 8. O-O O-O 9. a3 c5 10. Qe2 Rc8 11. Rac1 a6 12. cxd5 cxd4 13. Nxd4 Nxd5 14. Bxe7 Nxc3 15. Qh5 g6 16. Qh4 Qc7 17. Bxf8 Rxf8 18. Rxc3 Qd6 19. Be2 e5 20. Nb3 Qd2 1-0

[Event "CYCC U16"]
[Site "Victoria CAN"]
[Date "2009.07.23"]
[Round "7"]
[White "Parker, Dylan"]
[Black "Fan, Brendan"]
[Result "0-1"]
[WhiteElo "1574"]
[BlackElo "2006"]
[PlyCount "92"]
[GameId "2160767910093933"]
[EventDate "2009.07.21"]
[EventType "swiss"]
[EventRounds "7"]
[EventCountry "CAN"]
[SourceTitle "EXT 2011"]
[Source "ChessBase"]
[SourceDate "2011.11.26"]
[SourceVersion "1"]
[SourceVersionDate "2011.11.26"]
[SourceQuality "1"]

1. e4 c5 2. Nf3 d6 3. d4 cxd4 4. Nxd4 Nf6 5. Nc3 Bd7 6. Bg5 e6 7. f4 Be7 8. Qd2 h6 9. Bxf6 gxf6 10. Ndb5 Bxb5 11. Nxb5 a6 12. Nc3 Nc6 13. g3 b5 14. a3 Qb6 15. Bg2 Rc8 16. Qf2 Qxf2+ 17. Kxf2 Na5 18. Ke2 Nc4 19. b3 Nxa3 20. Rxa3 Rxc3 21. Kd2 d5 22. Kxc3 b4+ 23. Kd2 bxa3 24. exd5 Kd7 25. c3 a5 26. Re1 f5 27. Kc2 Rc8 28. dxe6+ fxe6 29. Bf1 Rxc3+ 30. Kxc3 Bb4+ 31. Kc2 Bxe1 32. Be2 Bf2 33. g4 Be3 34. gxf5 exf5 35. Bd3 Ke6 36. b4 axb4 37. Kb3 Bxf4 38. Kxb4 Bd6+ 39. Kb3 Ke5 40. Bc4 Kd4 41. Bf7 Ke3 42. h3 f4 43. Kc2 f3 44. Bc4 f2 45. Kc3 Kf3 46. Kc2 Kg2 0-1